Central Library OPAC University of Rajshahi

সহীহ আল বুখারী = صحيح البخاري / (Record no. 78096)

MARC details
000 -LEADER
fixed length control field 01153nam a2200241 a 4500
001 - CONTROL NUMBER
control field 78096
003 - CONTROL NUMBER IDENTIFIER
rucl marc code BD-RjUL
005 - DATE AND TIME OF LATEST TRANSACTION
control field 20221016092507.0
008 - FIXED-LENGTH DATA ELEMENTS--GENERAL INFORMATION
fixed length control field 210321s2001 bg ||||| |||| 00| 0 ben d
035 ## - SYSTEM CONTROL NUMBER
System control number (BD-RjUL)78096
040 ## - CATALOGING SOURCE
Original cataloging agency BD-RjUL
Language of cataloging ben
Transcribing agency BD-RjUL
Modifying agency BD-RjUL
041 ## - LANGUAGE CODE
Language code of text/sound track or separate title ben
082 ## - DEWEY DECIMAL CLASSIFICATION NUMBER
Edition number 23
Classification number 297.12541
Author mark and year BUS 2001
100 1# - MAIN ENTRY--PERSONAL NAME
Personal name বুখারী, মুহাম্মদ ইবনে ইসমাইল
9 (RLIN) 237776
245 10 - TITLE STATEMENT
Title সহীহ আল বুখারী = صحيح البخاري /
Statement of responsibility, etc. বুখারী, মুহাম্মদ ইবনে ইসমাইল; সম্পাদনায় ; আফলাতুল কায়সার...[অন্যান্য] /
260 ## - PUBLICATION, DISTRIBUTION, ETC. (IMPRINT)
Place of publication, distribution, etc. ঢাকা :
Name of publisher, distributor, etc. আধুনিক প্রকাশনী,
Date of publication, distribution, etc. ২০০১
300 ## - PHYSICAL DESCRIPTION
Pagination খন্ড ;
Size ২১ সেমি.
505 0# - FORMATTED CONTENTS NOTE
Formatted contents note খন্ড - ৬.--
650 ## - SUBJECT ADDED ENTRY--TOPICAL TERM
Topical term or geographic name as entry element হাদীস, বুখারী
General subdivision বঙ্গানুবাদ ও ব্যাখা
9 (RLIN) 237777
Topical term or geographic name as entry element Hadith, Bukhari
General subdivision Translation and Interpretation
9 (RLIN) 237778
700 ## - ADDED ENTRY--PERSONAL NAME
Personal name কায়সার, আফলাতুন.
942 ## - ADDED ENTRY ELEMENTS (KOHA)
Source of classification or shelving scheme Dewey Decimal Classification
Koha item type Books
Holdings
Lost status Source of classification or shelving scheme Damaged status Not for loan Collection code Permanent Location Current Location Shelving location Date acquired Coded location qualifier Cost, normal purchase price Full call number Date last seen Copy number Koha item type
  Dewey Decimal Classification   Not For Loan Non-fiction Central Library, University of Rajshahi Central Library, University of Rajshahi Reading Room 22/11/2020 Author 350.00 B 297.12541 BUS V-6 2001 21/03/2021 C-1 Books